[Event "AUTO-OPEN-2744"]
[Site "http://www.queenalice.com/game.php?id=1084420"]
[Date "2012.7.19"]
[Round "1"]
[White "petrucius"]
[Black "tango2011"]
[Result "0-1"]
[WhiteElo "890"]
[BlackElo "1401"]

1. e4 c5 2. c4 d6 3. Nc3 e6 4. f4 Nc6 5. Nf3 Nf6 6. d3 Be7 7. Qa4 Bd7 8. Nb5 a6
9. e5 Ng4 10. h3 Bh4+ 11. g3 Bxg3+ 12. Kd1 Nf2+ 13. Ke1 Nxh1+ 14. Ke2 Nd4+ 15.
Kd2 Bxf4+ 16. Kc3 Nxb5+ 17. Kc2 Nd4+ 18. Kd1 Bxa4+ 19. b3 Nxb3 20. Bxf4 Nd4+ 21.
Ke1 Nc2+ 22. Kd1 Nxa1+ 23. Kd2 Qa5+ 24. Ke2 dxe5 25. Bxe5 O-O 26. Bxa1 Bc6 27.
Bg2 Ng3+ 28. Kf2 Bxf3 29. Kxg3 Bxg2 30. Kxg2 Qd2+ 31. Kf1 Qxd3+ 32. Kg1 Qb1+ 33.
Kg2 Qxa1 0-1

[Event "AUTO-BEG-550"]
[Site "http://www.queenalice.com/game.php?id=1085422"]
[Date "2012.7.22"]
[Round "1"]
[White "EricOlejaz"]
[Black "petrucius"]
[Result "1-0"]
[WhiteElo "1329"]
[BlackElo "894"]

1. c4 e5 2. Nc3 c5 3. g3 f5 4. e3 Nc6 5. Bg2 Na5 6. d3 d6 7. e4 f4 8. Nf3 g6 9.
Bd2 Qg5 10. Nxg5 h6 11. h4 hxg5 12. hxg5 Be7 13. Rxh8 Kf8 14. gxf4 Kg7 15. Rh4
b6 16. Qf3 Nc6 17. Be3 Nb4 18. Kd2 a5 19. Bh3 Ba6 20. Be6 Rf8 21. Rah1 Bc8 22.
Bxc8 Rxc8 23. fxe5 dxe5 24. Rh7# 1-0

[Event "AUTO-BEG-550"]
[Site "http://www.queenalice.com/game.php?id=1085423"]
[Date "2012.7.22"]
[Round "1"]
[White "petrucius"]
[Black "EricOlejaz"]
[Result "0-1"]
[WhiteElo "906"]
[BlackElo "1487"]

1. d4 d5 2. f4 g6 3. Nc3 Nf6 4. h4 Bg7 5. Nf3 Ne4 6. Nxe4 dxe4 7. Ng5 Bg4 8.
Nxe4 Qxd4 9. Qxd4 Bxd4 10. c3 Bg7 11. e3 Nd7 12. Be2 Bxe2 13. Kxe2 O-O-O 14. Rd1
f5 15. Ng5 Rhe8 16. Ne6 h6 17. Nxg7 Rg8 18. Ne6 Rde8 19. c4 Nc5 20. Nxc5 Rd8 21.
Re1 b6 22. Ne6 Rd6 23. Nd4 c5 24. Nf3 Rgd8 25. Ne5 Rf6 26. a4 a5 27. Nxg6 Rxg6
28. Rg1 Rg3 29. Kf2 Rdg8 30. Ra3 h5 31. Rb3 Kc7 32. Rd3 Kc6 33. Rd5 e6 34. Re5
R3g6 35. b3 Rd8 36. e4 Rf8 37. Be3 fxe4 38. Rxh5 Rf5 39. Rh8 Kc7 40. Rd1 e5 0-1

[Event "AUTO-BEG-550"]
[Site "http://www.queenalice.com/game.php?id=1085439"]
[Date "2012.7.22"]
[Round "1"]
[White "petrucius"]
[Black "Cuyo"]
[Result "0-1"]
[WhiteElo "892"]
[BlackElo "1209"]

1. d4 d5 2. g4 Bxg4 3. f3 Bf5 4. Nc3 Nf6 5. Bh3 Qd7 6. e4 Bxh3 7. Nxh3 Qxh3 8.
e5 Qg2 9. Rf1 Nfd7 10. Nxd5 Na6 11. Nxc7+ Nxc7 12. Rf2 Qg6 13. c4 O-O-O 14. Kf1
Nxe5 15. b3 e6 16. dxe5 Rxd1+ 17. Ke2 Qd3# 0-1

[Event "AUTO-BEG-550"]
[Site "http://www.queenalice.com/game.php?id=1085450"]
[Date "2012.7.22"]
[Round "1"]
[White "petrucius"]
[Black "marconilho"]
[Result "0-1"]
[WhiteElo "898"]
[BlackElo "1571"]

1. d4 e6 2. f4 Be7 3. e4 Nc6 4. Nc3 Bb4 5. a3 Bf8 6. g4 Nge7 7. Nf3 g6 8. Nb5
Bg7 9. Bc4 a6 10. Nc3 b6 11. Be3 Na5 12. Bd5 exd5 13. Nxd5 Nc4 14. b3 c6 15.
Nxe7 Qxe7 16. bxc4 Qxe4 17. Qe2 O-O 18. Rb1 Rb8 19. h4 Qe8 20. c3 Qd8 21. h5
gxh5 22. gxh5 Re8 23. Ne5 Re7 24. Qg4 d6 25. Nxc6 Rxe3+ 26. Qe2 Qe8 27. Qxe3
Qxe3+ 28. Kf1 Rb7 29. Nd8 Qxf4+ 30. Ke2 Re7+ 31. Kd3 Bf5# 0-1

[Event "AUTO-BEG-550"]
[Site "http://www.queenalice.com/game.php?id=1085451"]
[Date "2012.7.22"]
[Round "1"]
[White "marconilho"]
[Black "petrucius"]
[Result "1-0"]
[WhiteElo "1569"]
[BlackElo "900"]

1. e4 c5 2. Bc4 d5 3. exd5 Nf6 4. Nf3 Ne4 5. d3 Qa5+ 6. Bd2 Qxd2+ 7. Nfxd2 Nd6
8. Nc3 g5 9. a3 Nf5 10. Nf3 h6 11. Qb1 Nd7 12. Kf1 Nb6 13. Nb5 a6 14. Nc7+ Kd7
15. Nxa8 Nxa8 16. Ne5+ Kd6 17. Nxf7+ Kd7 18. Nxh8 b5 19. Bb3 a5 20. Ng6 Bg7 21.
g4 a4 22. Ba2 Nd4 23. c3 Nf3 24. Qd1 Nh4 25. Nxh4 gxh4 26. Qe2 Nb6 27. Re1 Nxd5
28. Bxd5 Kd8 29. Qxe7# 1-0

[Event "AUTO-OPEN-2777"]
[Site "http://www.queenalice.com/game.php?id=1097585"]
[Date "2012.8.29"]
[Round "1"]
[White "diego2907"]
[Black "petrucius"]
[Result "1-0"]
[WhiteElo "1821"]
[BlackElo "910"]

1. e4 c5 2. Bc4 Nf6 3. d3 Qa5+ 4. Bd2 Qc7 5. a3 d6 6. Nf3 e5 7. Ng5 Bg4 8. f3
Bh5 9. h4 h6 10. Nh3 Nc6 11. g4 Bg6 12. Nc3 h5 13. g5 Nd7 14. Nd5 Qd8 15. Bb5 a6
16. Bxc6 bxc6 17. Ne3 Qb8 18. b3 a5 19. O-O a4 20. bxa4 Nb6 21. a5 Rxa5 22. Bxa5
Na4 23. f4 Qa7 24. Bd2 d5 25. f5 1-0

[Event "AUTO-OPEN-2777"]
[Site "http://www.queenalice.com/game.php?id=1097586"]
[Date "2012.8.29"]
[Round "1"]
[White "petrucius"]
[Black "diego2907"]
[Result "0-1"]
[WhiteElo "908"]
[BlackElo "1823"]

1. d4 d5 2. f4 Bf5 3. Nc3 e6 4. h3 h6 5. g4 Bg6 6. Nf3 Nc6 7. h4 Bb4 8. h5 Bxc3+
9. bxc3 Be4 10. Rb1 Bxf3 11. exf3 Nge7 12. Rxb7 Na5 13. Rb5 c6 14. Rb4 f5 15.
Bd3 Qc7 16. O-O Nb7 17. Re1 Qd7 18. Ba6 Na5 19. c4 O-O 20. c5 Nc4 21. g5 Rab8
22. Ra4 Rb1 23. Rxc4 dxc4 24. Bxc4 Rfb8 25. gxh6 gxh6 0-1

[Event "AUTO-OPEN-2777"]
[Site "http://www.queenalice.com/game.php?id=1097603"]
[Date "2012.8.29"]
[Round "1"]
[White "ribeiro"]
[Black "petrucius"]
[Result "1-0"]
[WhiteElo "1889"]
[BlackElo "902"]

1. e4 c5 2. d4 b6 3. Bc4 d6 4. Bd5 e5 5. Bxa8 Na6 6. d5 Nf6 7. Nc3 Nc7 8. Bc6+
Ke7 9. Bg5 h6 10. Bxf6+ gxf6 11. h3 Rg8 12. Qf3 Na6 13. g4 Nb4 14. O-O-O Nxa2+
15. Nxa2 Ba6 16. h4 Bc4 17. b3 Ba6 18. Nh3 Bg7 19. g5 fxg5 20. hxg5 hxg5 21.
Nxg5 f6 22. Ne6 1-0

[Event "AUTO-OPEN-2777"]
[Site "http://www.queenalice.com/game.php?id=1097604"]
[Date "2012.8.29"]
[Round "1"]
[White "petrucius"]
[Black "ribeiro"]
[Result "0-1"]
[WhiteElo "886"]
[BlackElo "1887"]

1. d4 d5 2. f4 e6 3. c3 Nf6 4. Qa4+ Bd7 5. Qc2 Ne4 6. Qd3 Bd6 7. b3 Qf6 8. Nf3
Bxf4 9. Ba3 g5 10. g3 Bd6 11. b4 a6 12. h4 Bxg3+ 13. Kd1 Nf2+ 14. Kd2 Nxd3 15.
exd3 Qxf3 16. Rh3 Qf2+ 17. Kd1 Qxf1+ 18. Kc2 Ba4+ 19. Kd2 Qf2+ 20. Kc1 Qc2# 0-1

[Event "AUTO-OPEN-2778"]
[Site "http://www.queenalice.com/game.php?id=1097987"]
[Date "2012.8.30"]
[Round "1"]
[White "tiagopalma"]
[Black "petrucius"]
[Result "1-0"]
[WhiteElo "1703"]
[BlackElo "902"]

1. d4 f5 2. f4 e6 3. g3 Nc6 4. a3 a5 5. d5 exd5 6. Qxd5 Nce7 7. Qe5 d6 8. Qb5+
c6 9. Qd3 g6 10. Qd4 Bh6 11. Qxh8 Be6 12. Qxh7 Bd5 13. Nf3 Kf8 14. Nc3 b5 15. b3
a4 16. b4 Nf6 17. Qxh6+ Kf7 18. Bg2 Neg8 19. Ng5+ 1-0

[Event "AUTO-OPEN-2778"]
[Site "http://www.queenalice.com/game.php?id=1097988"]
[Date "2012.8.30"]
[Round "1"]
[White "petrucius"]
[Black "tiagopalma"]
[Result "0-1"]
[WhiteElo "884"]
[BlackElo "1541"]

1. d4 d5 2. Nc3 Nf6 3. Nf3 Nc6 4. h4 h5 5. Bg5 Ne4 6. Qd3 Bf5 7. b4 a6 8. e3 g6
9. Bf4 Nxb4 10. Qe2 e5 11. Bxe5 Nxc3 12. Qd2 Nxc2+ 13. Qxc2 Bxc2 14. Bxh8 Bb4
15. Rc1 Nxa2+ 16. Ke2 Nxc1# 0-1

[Event "AUTO-OPEN-2778"]
[Site "http://www.queenalice.com/game.php?id=1098007"]
[Date "2012.8.30"]
[Round "1"]
[White "luiz_antonio"]
[Black "petrucius"]
[Result "1-0"]
[WhiteElo "1770"]
[BlackElo "898"]

1. e4 e5 2. Bc4 Nf6 3. Qf3 c5 4. Nc3 Qa5 5. a4 Nc6 6. Nb5 a6 7. Na3 g5 8. Qf5
Nh5 9. Qxf7+ Kd8 10. Qxh5 Qxa4 11. c3 b5 12. b3 Qa5 13. Bd5 Bb7 14. Bxc6 Bxc6
15. Qxg5+ Kc7 16. Qxe5+ d6 17. Qf5 Bh6 18. Nc2 Bxd2+ 19. Bxd2 1-0

[Event "AUTO-OPEN-2778"]
[Site "http://www.queenalice.com/game.php?id=1098008"]
[Date "2012.8.30"]
[Round "1"]
[White "petrucius"]
[Black "luiz_antonio"]
[Result "0-1"]
[WhiteElo "900"]
[BlackElo "1768"]

1. d4 g6 2. e4 Bg7 3. Nc3 d6 4. Bf4 Nc6 5. Qe2 Nxd4 6. Rd1 Nxe2 7. Bxe2 h5 8.
Bb5+ c6 9. Bc4 b5 10. Bd3 e5 11. Nf3 exf4 12. a4 b4 13. Na2 Bxb2 14. Nxb4 Bc3+
15. Nd2 Bxb4 16. Rb1 Bxd2+ 17. Kxd2 Qa5+ 18. c3 Nf6 19. Rb3 Ba6 0-1

[Event "AUTO-OPEN-2778"]
[Site "http://www.queenalice.com/game.php?id=1098018"]
[Date "2012.8.30"]
[Round "1"]
[White "petrucius"]
[Black "Boeing"]
[Result "0-1"]
[WhiteElo "904"]
[BlackElo "1904"]

1. d4 d5 2. f4 e6 3. Nc3 Bb4 4. a3 Bxc3+ 5. bxc3 Nf6 6. e3 Ne4 7. Qf3 Nxc3 8.
Bd2 Ne4 9. Bb4 Nc6 10. Bc3 Nxc3 11. Nh3 O-O 12. Kd2 Ne4+ 13. Ke2 e5 14. fxe5 g6
15. Ke1 Bxh3 16. gxh3 Qh4+ 17. Ke2 f5 18. Rb1 Nc3+ 19. Kd2 Nxb1+ 20. Kc1 Nxa3
21. Qxd5+ Kg7 22. Qd7+ Rf7 23. Qd5 Qf2 24. Kd1 Qxe3 25. Qb5 Nxb5 26. Bxb5 Qf3+
27. Ke1 Qxh1+ 28. Kf2 Qxh2+ 29. Ke1 Nxd4 30. c3 Nxb5 0-1

[Event "AUTO-BEG-554"]
[Site "http://www.queenalice.com/game.php?id=1100251"]
[Date "2012.9.6"]
[Round "1"]
[White "TendAll"]
[Black "petrucius"]
[Result "1-0"]
[WhiteElo "1401"]
[BlackElo "975"]

1. Nf3 d5 2. Nc3 f5 3. Nxd5 e6 4. Nc3 Nc6 5. e4 Nh6 6. Bb5 a6 7. Bc4 Na5 8. Bd3
Be7 9. O-O O-O 10. exf5 exf5 11. Ne5 Qd6 12. Re1 Bf6 13. Qf3 Qxe5 14. Rxe5 Bxe5
15. Qd5+ Nf7 16. Qxa5 b6 17. Qd5 Rd8 18. Qxa8 Bd4 19. Nd1 a5 20. c3 Be5 21. Qf3
Ng5 22. Qa8 h5 23. Bxf5 1-0

[Event "AUTO-BEG-554"]
[Site "http://www.queenalice.com/game.php?id=1100252"]
[Date "2012.9.6"]
[Round "1"]
[White "petrucius"]
[Black "TendAll"]
[Result "0-1"]
[WhiteElo "888"]
[BlackElo "1383"]

1. e4 Nf6 2. c4 Nxe4 3. d3 Nf6 4. Nf3 d5 5. Na3 dxc4 6. Nxc4 Nc6 7. h4 Bg4 8.
Be2 e5 9. Nfxe5 Nd4 10. Qa4+ c6 11. Bf1 Qe7 12. Ne3 Qxe5 13. f3 b5 14. Qd1 Qg3+
15. Kd2 Bb4# 0-1